| 000 | 01028nam a22003257a 4500 | ||
|---|---|---|---|
| 001 | 0012579 | ||
| 003 | KOHA_MİRAKIL | ||
| 005 | 20260207001856.0 | ||
| 007 | ta | ||
| 008 | 100201b1979 tu |||gr||||#||||0|tur | | ||
| 040 |
_aTR-BiSEU _btur _cTR-BiSEU _erda |
||
| 041 | 0 | _atur | |
| 044 | _ctu | ||
| 050 |
_aB841 _b.B65 1979 |
||
| 100 | 1 | _aBolay, Süleyman Hayri. | |
| 245 | 1 |
_aTürkiye'de ruhçu ve maddeci görüşün mücadelesi/ _cSüleyman Hayri Bolay ; Hayri Bolay. |
|
| 264 | 1 |
_aİstanbul : _bTöre-Devlet Yayınevi _c1979 |
|
| 300 | _a429 sayfa; 22 cm. | ||
| 336 |
_ametin _btxt _2rdacontent |
||
| 337 |
_aaracısız _bn _2rdamedia |
||
| 338 |
_acilt _bnc _2rdacarrier |
||
| 490 | 1 |
_aTöre-Devlet Yayınları No ; _v48. |
|
| 500 | _aKaynakça var. | ||
| 650 | 0 |
_aMateryalizm--Türkiye. _930381 |
|
| 650 | 0 |
_aMaterialism--Turkey. _930382 |
|
| 650 | 0 |
_aTinselcilik (Felsefe) _930383 |
|
| 650 | 0 |
_aSpiritualism (Philosophy). _930384 |
|
| 830 | 1 |
_aTöre-Devlet Yayınları No ; _v48. _930385 |
|
| 942 |
_2lcc _cBK |
||
| 999 |
_c12548 _d12548 |
||